[Event "XXXI Coppa A"]
[Site "Cagliari ITA"]
[Date "2006.04.02"]
[Round "6"]
[White "Basciu, Simone"]
[Black "Camboni, Paolo"]
[Result "1/2-1/2"]
[WhiteElo "2176"]
[BlackElo "1883"]
[PlyCount "64"]
[EventDate "2006.03.25"]

1. d4 Nf6 2. Nf3 d5 3. c4 e6 4. Nc3 Be7 5. Bg5 O-O 6. e3 Nbd7 7. Qc2 c6 8. a3
dxc4 9. Bxc4 b5 10. Bd3 Bb7 11. e4 h6 12. Bf4 a6 13. Qd2 c5 14. e5 Ng4 15. h3
cxd4 16. hxg4 dxc3 17. Qxc3 Bxf3 18. gxf3 Bg5 19. Bg3 Qb6 20. f4 Rac8 21. Qb4
Nc5 22. Be2 Be7 23. O-O Rc7 24. Qd4 Rd7 25. Qe3 Rfd8 26. Rad1 Na4 27. Rxd7 Rxd7
28. Qc1 Qd8 29. Rd1 Rxd1+ 30. Bxd1 Nxb2 31. Bc2 Bxa3 32. Qe3 Nc4 1/2-1/2

[Event "XXXI Coppa A"]
[Site "Cagliari ITA"]
[Date "2006.04.02"]
[Round "6"]
[White "Clementini, Lorenzo"]
[Black "Ljubisavljevic, Zivojin Z."]
[Result "0-1"]
[WhiteElo "2126"]
[BlackElo "2310"]
[PlyCount "52"]
[EventDate "2006.03.25"]

1. e4 c6 2. d4 d5 3. e5 Bf5 4. Nc3 e6 5. g4 Bg6 6. h4 h6 7. Nge2 c5 8. Nf4 Bh7
9. g5 cxd4 10. g6 dxc3 11. gxh7 Ne7 12. Bd3 Nbc6 13. bxc3 Qc7 14. Be3 Qxe5 15.
Rb1 O-O-O 16. Kf1 Nf5 17. Ng2 Nxe3+ 18. Nxe3 Bc5 19. Ng4 Qf4 20. Qe2 h5 21. Nh2
Qxh4 22. Bb5 Qe4 23. Nf3 Qxe2+ 24. Bxe2 g6 25. Ng5 Rdf8 26. f4 Be7 0-1

[Event "XXXI Coppa A"]
[Site "Cagliari ITA"]
[Date "2006.04.02"]
[Round "6"]
[White "Lai, Luca"]
[Black "Palmieri, Roberto"]
[Result "1-0"]
[WhiteElo "1829"]
[BlackElo "1838"]
[PlyCount "59"]
[EventDate "2006.03.25"]

1. f4 d5 2. b4 Bf5 3. Bb2 e6 4. e3 Nf6 5. a3 Bd6 6. d3 O-O 7. h3 Nfd7 8. Nf3 h6
9. g4 Bh7 10. Rg1 c5 11. bxc5 Nxc5 12. Nc3 Be7 13. Qd2 Qb6 14. Rb1 Bf6 15. Qd1
Qa5 16. Qd2 Nc6 17. g5 hxg5 18. Nxg5 d4 19. Nce4 Qxd2+ 20. Nxd2 Bg6 21. e4 e5
22. f5 Bh5 23. h4 Rfd8 24. Bh3 Na4 25. Nf1 g6 26. Bc1 b6 27. Ng3 Rdc8 28. fxg6
fxg6 29. Nxh5 gxh5 30. Be6+ 1-0

[Event "XXXI Coppa A"]
[Site "Cagliari ITA"]
[Date "2006.04.02"]
[Round "6"]
[White "Locci, Damiano"]
[Black "Santilli, Enrico"]
[Result "0-1"]
[WhiteElo "1934"]
[BlackElo "1892"]
[PlyCount "108"]
[EventDate "2006.03.25"]

1. e4 d5 2. Nc3 d4 3. Nce2 c5 4. d3 Nc6 5. f4 e5 6. g3 Bg4 7. h3 Bh5 8. Bg2 f6
9. Nf3 Bd6 10. O-O Qc7 11. g4 Bf7 12. f5 O-O-O 13. c4 g5 14. a3 h5 15. Kf2 Nh6
16. Kg3 Rdg8 17. Rh1 Ne7 18. Bd2 h4+ 19. Kf2 Nc6 20. b4 b6 21. b5 Nd8 22. a4
Nb7 23. a5 Kd7 24. axb6 axb6 25. Ra6 Rb8 26. Qc2 Qd8 27. Rha1 Bc7 28. Qa4 Be8
29. Nc1 Nf7 30. Nb3 Nfd6 31. Ra7 Ke7 32. Nxg5 Bd7 33. Nf3 Kf7 34. g5 Qe8 35.
g6+ Kg7 36. Nh2 Nxf5 37. exf5 e4 38. Bxe4 Bxh2 39. Nc1 Qe5 40. Ne2 Rh5 41. Rf1
Bg3+ 42. Nxg3 Qxg3+ 43. Ke2 Bxf5 44. Bf4 Qxh3 45. Bxf5 Re8+ 46. Kd2 Qg2+ 47.
Kc1 Qxf1+ 48. Kc2 Qg2+ 49. Bd2 Rxf5 50. Qa6 Re7 51. Qxb6 Rf2 52. Rxb7 Rxd2+ 53.
Kb3 Rxb7 54. Qxc5 Ra2 0-1

[Event "XXXI Coppa A"]
[Site "Cagliari ITA"]
[Date "2006.04.02"]
[Round "6"]
[White "Pes, Francesco"]
[Black "Corona, Danilo"]
[Result "1/2-1/2"]
[WhiteElo "1802"]
[BlackElo "1732"]
[PlyCount "66"]
[EventDate "2006.03.25"]

1. d4 d5 2. c4 e6 3. Nc3 Nf6 4. Bf4 Bd6 5. Bxd6 Qxd6 6. e3 c6 7. Nf3 Nbd7 8.
cxd5 exd5 9. Bd3 O-O 10. O-O Re8 11. Qc2 h6 12. Rfe1 a6 13. e4 dxe4 14. Nxe4
Nxe4 15. Bxe4 Nf6 16. Bh7+ Kh8 17. Rxe8+ Nxe8 18. Bd3 Nf6 19. Qc5 Qxc5 20. dxc5
Be6 21. Ne5 Rd8 22. Bc4 Nd5 23. Rd1 Kg8 24. f3 Kf8 25. Kf2 Ke8 26. a3 f6 27.
Ng4 Ke7 28. Re1 Nc7 29. Bxe6 Nxe6 30. b4 Rd2+ 31. Re2 Rxe2+ 32. Kxe2 Nf4+ 33.
Kf2 Ke6 1/2-1/2

[Event "XXXI Coppa A"]
[Site "Cagliari ITA"]
[Date "2006.04.02"]
[Round "6"]
[White "Putzolu, Marcello"]
[Black "Collu, Giuseppe"]
[Result "0-1"]
[WhiteElo "1778"]
[BlackElo "1832"]
[PlyCount "84"]
[EventDate "2006.03.25"]

1. d4 Nf6 2. c4 g6 3. g3 Bg7 4. Bg2 O-O 5. e3 d5 6. cxd5 Nxd5 7. Ne2 c6 8. O-O
Bg4 9. h3 Bd7 10. Nbc3 Nxc3 11. bxc3 Qc8 12. Qb3 Na6 13. Rb1 Rb8 14. e4 Bxh3
15. Bf4 Bxg2 16. Kxg2 Nc7 17. a4 Re8 18. c4 e5 19. dxe5 Bxe5 20. Bh6 Ne6 21.
Qe3 c5 22. f4 Bg7 23. f5 gxf5 24. exf5 Nf4+ 25. Qxf4 Qc6+ 26. Qf3 Rxe2+ 27. Rf2
Rxf2+ 28. Kxf2 Qxf3+ 29. Kxf3 Bxh6 30. Rd1 f6 31. Rd7 a5 32. Ke4 Re8+ 33. Kd5
Re5+ 34. Kd6 Bf8+ 35. Kc7 Re4 36. Kxb7 Rxc4 37. Kc6 Rxa4 38. Kb5 Ra3 39. g4 Rg3
40. Kxa5 Rxg4 41. Kb5 Rf4 42. Rd5 h5 0-1

[Event "XXXI Coppa A"]
[Site "Cagliari ITA"]
[Date "2006.04.02"]
[Round "6"]
[White "Puzzoni, Christian"]
[Black "Marras, Giuseppe"]
[Result "1-0"]
[WhiteElo "2073"]
[BlackElo "1870"]
[PlyCount "89"]
[EventDate "2006.03.25"]

1. e4 e6 2. Nf3 d5 3. e5 c5 4. b4 cxb4 5. d4 Nc6 6. a3 Bd7 7. axb4 Bxb4+ 8. c3
Ba5 9. Bd3 Nge7 10. O-O a6 11. Ng5 h6 12. Qh5 g6 13. Qh3 Nf5 14. g4 Rg8 15. Nh7
Qh4 16. Nf6+ Kf8 17. Nxd7+ Kg7 18. Qxh4 Nxh4 19. f4 Rgd8 20. Nf6 Bb6 21. Be3
Rac8 22. Kf2 Rh8 23. Kg3 g5 24. fxg5 hxg5 25. Bxg5 Ng6 26. Nh5+ Kg8 27. Bxg6
fxg6 28. Nf4 Nxd4 29. cxd4 Bxd4 30. Ra2 Bxe5 31. Re2 Bxf4+ 32. Bxf4 Rc6 33. Be5
Rh7 34. Ref2 Rc8 35. Rf6 Rg7 36. Rxe6 Rf7 37. Rxg6+ Kh7 38. Rxf7+ Kxg6 39. Rg7+
Kh6 40. Kh4 Rc4 41. Nd2 Rb4 42. Nf1 a5 43. Ng3 Rf4 44. Nf5+ Rxf5 45. gxf5 1-0

[Event "XXXI Coppa A"]
[Site "Cagliari ITA"]
[Date "2006.04.02"]
[Round "7"]
[White "Camboni, Paolo"]
[Black "Lai, Luca"]
[Result "1/2-1/2"]
[WhiteElo "1883"]
[BlackElo "1829"]
[PlyCount "119"]
[EventDate "2006.03.25"]

1. Nf3 Nc6 2. d4 d5 3. c4 e5 4. e3 e4 5. Nfd2 f5 6. cxd5 Qxd5 7. Bc4 Qd6 8. a3
Bd7 9. b4 Nf6 10. Nc3 a6 11. b5 Na5 12. bxa6 bxa6 13. Be2 Be7 14. g4 O-O 15.
Nc4 Nxc4 16. Bxc4+ Kh8 17. gxf5 Bxf5 18. Be2 c5 19. d5 Rad8 20. Bb2 c4 21. Bxc4
Ng4 22. Nxe4 Bh4 23. Nxd6 Bxf2+ 24. Ke2 Rxd6 25. Qd4 Rdf6 26. Bc1 Bh4 27. Rg1
Bc2 28. Rg2 Rf2+ 29. Rxf2 Rxf2+ 30. Ke1 Rxh2+ 31. Kf1 Bf5 32. Qf4 Rf2+ 33. Qxf2
Nxf2 34. Ke2 Bg4+ 35. Kd2 Ne4+ 36. Kc2 Nc5 37. Bd3 Bf6 38. Rb1 h5 39. e4 h4 40.
Be3 Nxd3 41. Kxd3 g5 42. Rb6 Kg7 43. Rxa6 h3 44. Bg1 Be5 45. d6 Kf6 46. d7+ Ke7
47. Rh6 Bxd7 48. Kc4 g4 49. Kd5 Bf4 50. Rh7+ Ke8 51. e5 g3 52. e6 Ba4 53. Rxh3
Bb3+ 54. Ke4 Bd6 55. Kf5 Bc2+ 56. Kf6 Be7+ 57. Ke5 Bxa3 58. Bb6 Ke7 59. Rh6 g2
60. Kf4 1/2-1/2

[Event "XXXI Coppa A"]
[Site "Cagliari ITA"]
[Date "2006.04.02"]
[Round "7"]
[White "Corona, Danilo"]
[Black "Collu, Giuseppe"]
[Result "1-0"]
[WhiteElo "1732"]
[BlackElo "1832"]
[PlyCount "85"]
[EventDate "2006.03.25"]

1. e4 e5 2. Nf3 Nc6 3. Bc4 Bc5 4. c3 Nf6 5. d4 exd4 6. cxd4 Bb4+ 7. Bd2 Bxd2+
8. Nbxd2 d5 9. exd5 Nxd5 10. O-O O-O 11. Re1 Nb6 12. d5 Nxd5 13. Ne4 Nce7 14.
Qb3 c6 15. Rad1 Qb6 16. Qc2 Bf5 17. Nh4 Bxe4 18. Qxe4 Rad8 19. Bd3 Ng6 20. Qg4
Nf6 21. Qg3 Nxh4 22. Qxh4 Qxb2 23. Bxh7+ Nxh7 24. Rxd8 Rxd8 25. Qxd8+ Nf8 26.
Qe7 a5 27. Qe2 Qb4 28. Rd1 Ne6 29. h3 a4 30. Qf3 c5 31. Rd7 Qe1+ 32. Kh2 Qe5+
33. g3 Qf6 34. Qxf6 gxf6 35. Rxb7 f5 36. f4 Kg7 37. Kg2 Kf6 38. Ra7 Nd4 39.
Rxa4 Ke6 40. h4 Kd5 41. h5 c4 42. Ra5+ Ke4 43. h6 1-0

[Event "XXXI Coppa A"]
[Site "Cagliari ITA"]
[Date "2006.04.02"]
[Round "7"]
[White "Locci, Damiano"]
[Black "Clementini, Lorenzo"]
[Result "1/2-1/2"]
[WhiteElo "1934"]
[BlackElo "2126"]
[PlyCount "43"]
[EventDate "2006.03.25"]

1. e4 d6 2. Nc3 Nf6 3. h3 c5 4. Bb5+ Nbd7 5. d3 d5 6. Bxd7+ Bxd7 7. Be3 b5 8.
f4 b4 9. Nce2 g6 10. Nf3 Bg7 11. O-O Bc6 12. c3 c4 13. Ned4 Bb7 14. dxc4 bxc3
15. e5 Ne4 16. bxc3 O-O 17. e6 f5 18. Qc2 Rc8 19. Rfb1 Ba8 20. Rb4 a5 21. Rb3
Nc5 22. Rb5 1/2-1/2

[Event "XXXI Coppa A"]
[Site "Cagliari ITA"]
[Date "2006.04.02"]
[Round "7"]
[White "Marras, Giuseppe"]
[Black "Pes, Francesco"]
[Result "1/2-1/2"]
[WhiteElo "1870"]
[BlackElo "1802"]
[PlyCount "74"]
[EventDate "2006.03.25"]

1. d4 Nf6 2. Nc3 d5 3. e4 dxe4 4. f3 Bf5 5. fxe4 Nxe4 6. Qf3 Nxc3 7. bxc3 Qc8
8. Bc4 e6 9. Rb1 c6 10. Bd3 Bxd3 11. cxd3 Nd7 12. Nh3 Be7 13. O-O Nf6 14. Ng5
Qd7 15. Bf4 h6 16. Ne4 O-O-O 17. Nxf6 Bxf6 18. Rb4 Qd5 19. Qf2 b5 20. Be5 Bxe5
21. dxe5 Rd7 22. Rd4 Qxe5 23. Rxd7 Kxd7 24. Qxa7+ Kd6 25. Qa3+ Qc5+ 26. Qxc5+
Kxc5 27. Rxf7 Rd8 28. Rf3 Ra8 29. Rf2 b4 30. Rc2 bxc3 31. Rxc3+ Kd5 32. a3 e5
33. Kf2 Kd4 34. Rb3 c5 35. Ke2 Ra7 36. Kd2 Re7 37. Ke2 Rf7 1/2-1/2

[Event "XXXI Coppa A"]
[Site "Cagliari ITA"]
[Date "2006.04.02"]
[Round "7"]
[White "Palmieri, Roberto"]
[Black "Putzolu, Marcello"]
[Result "1-0"]
[WhiteElo "1838"]
[BlackElo "1778"]
[PlyCount "67"]
[EventDate "2006.03.25"]

1. e4 e5 2. Nf3 Nc6 3. Bc4 Be7 4. O-O Nf6 5. Re1 d6 6. c3 O-O 7. h3 Bd7 8. d4
exd4 9. cxd4 Qc8 10. Bf4 a6 11. a3 b5 12. Bd3 Na5 13. Qc2 c5 14. e5 c4 15. exf6
cxd3 16. Qxc8 Rfxc8 17. fxe7 Nb3 18. Ra2 Be6 19. Nc3 d2 20. Nxd2 Nxd2 21. Bxd2
Bxa2 22. Nxa2 Re8 23. Nb4 Ra7 24. Nd5 f6 25. Bb4 Rd7 26. Re6 Kf7 27. Rxd6 Rxd6
28. Bxd6 Ke6 29. Nc7+ Kxd6 30. Nxe8+ Kxe7 31. Nxg7 Kd6 32. g4 Kd5 33. Nf5 Kc4
34. Kf1 1-0

[Event "XXXI Coppa A"]
[Site "Cagliari ITA"]
[Date "2006.04.02"]
[Round "7"]
[White "Puzzoni, Christian"]
[Black "Basciu, Simone"]
[Result "1-0"]
[WhiteElo "2073"]
[BlackElo "2176"]
[PlyCount "55"]
[EventDate "2006.03.25"]

1. e4 e6 2. Nf3 d5 3. e5 c5 4. b4 c4 5. a3 a5 6. b5 Nh6 7. d3 cxd3 8. cxd3 Nf5
9. d4 Nd7 10. Bd3 Nb6 11. Nbd2 a4 12. Nf1 Be7 13. Ra2 Bd7 14. Ng3 Nxg3 15. fxg3
Nc4 16. O-O Bxb5 17. Raf2 Qb6 18. Ng5 Bxg5 19. Bxg5 Rf8 20. Bxh7 Nxe5 21. dxe5
Bxf1 22. Qxf1 Rc8 23. Kh1 Rc7 24. Bd3 Rh8 25. Bb5+ Kf8 26. Bd8 Qxf2 27. Qxf2
Rc1+ 28. Bf1 1-0

[Event "XIV Open"]
[Site "Saint Vincent - Chatillon ITA"]
[Date "2006.09.30"]
[Round "1"]
[White "Baloire, Endy"]
[Black "Didoni, Renato"]
[Result "0-1"]
[WhiteElo "1506"]
[BlackElo "2076"]
[PlyCount "72"]
[EventDate "2006.09.30"]

1. e4 d6 2. d4 Nf6 3. Nc3 Nc6 4. Bg5 a6 5. Nf3 Bg4 6. Be2 h6 7. Be3 Nd7 8. h3
Bh5 9. Qd2 Nb6 10. O-O g5 11. Nh2 Bg6 12. f4 gxf4 13. Bxf4 Bg7 14. Nf3 Nd7 15.
d5 Nce5 16. Nh4 c5 17. Nxg6 fxg6 18. Qe3 Qa5 19. Qg3 O-O-O 20. Bh5 Bf6 21. Bxe5
Bxe5 22. Qxg6 Kb8 23. Rf3 Nf6 24. Qf7 Rh7 25. Qg6 Rg8 26. Qf5 Rg5 27. Qe6 Qd8
28. Bg4 Rhg7 29. Rf5 R5g6 30. Rxf6 Bxf6 31. Qd7 Bd4+ 32. Kh1 Qxd7 33. Bxd7 Rxg2
34. Rf1 Rxc2 35. Na4 Kc7 36. Be6 Rgg2 0-1

[Event "XIV Open"]
[Site "Saint Vincent - Chatillon ITA"]
[Date "2006.09.30"]
[Round "1"]
[White "Belabbas, Abdellah"]
[Black "Astengo, Corrado"]
[Result "0-1"]
[WhiteElo "1691"]
[BlackElo "2119"]
[PlyCount "54"]
[EventDate "2006.09.30"]

1. d4 d5 2. c4 e6 3. Nf3 c6 4. Nc3 dxc4 5. e4 b5 6. a4 Bb4 7. Bd2 Nf6 8. Qc2
Bb7 9. axb5 Bxc3 10. Bxc3 cxb5 11. e5 Nd5 12. Ba5 Qd7 13. b3 cxb3 14. Qxb3 a6
15. Ng5 Nc6 16. Qd1 Nxa5 17. Rxa5 Nb4 18. Ra3 Qxd4 19. Be2 Qxd1+ 20. Bxd1 Bxg2
21. Rg1 Bd5 22. Rg4 Nc6 23. Bf3 Bxf3 24. Nxf3 O-O 25. Rg5 b4 26. Rd3 Rfd8 27.
Re3 Nd4 0-1

[Event "XIV Open"]
[Site "Saint Vincent - Chatillon ITA"]
[Date "2006.09.30"]
[Round "1"]
[White "Broekman, Willem"]
[Black "Mazza, Maurizio"]
[Result "1-0"]
[WhiteElo "2151"]
[BlackElo "1700"]
[PlyCount "97"]
[EventDate "2006.09.30"]

1. d4 Nf6 2. c4 e6 3. Nc3 d5 4. cxd5 exd5 5. Bg5 Be7 6. Qc2 Nbd7 7. e3 h6 8.
Bf4 c6 9. Bd3 Nh5 10. Bg3 Nxg3 11. hxg3 Nf6 12. Nf3 Be6 13. O-O O-O 14. Rab1
Re8 15. b4 a6 16. a4 Qc7 17. Rfc1 a5 18. b5 Ba3 19. Rd1 Bd7 20. Qb3 Qd6 21. Ne5
Qe7 22. Nxd7 Nxd7 23. Bf5 Bd6 24. bxc6 bxc6 25. Qb7 Nf6 26. Qxe7 Rxe7 27. Rb6
Rc7 28. Rc1 g6 29. Bd3 Ne8 30. Kf1 Kg7 31. Rc2 Be7 32. Ne2 c5 33. dxc5 Rxc5 34.
Rxc5 Bxc5 35. Rb5 Bb4 36. Rxd5 Nf6 37. Rd4 Rc8 38. g4 Ne8 39. g3 Nd6 40. Rd5
Ne8 41. Nd4 Nf6 42. Rb5 Rc1+ 43. Kg2 Nxg4 44. Be2 Nf6 45. Rb7 Ne4 46. Bf3 Nd6
47. Rd7 Rc3 48. Bd5 Rc8 49. Nc6 1-0

[Event "XIV Open"]
[Site "Saint Vincent - Chatillon ITA"]
[Date "2006.09.30"]
[Round "1"]
[White "Bruno, Fabio"]
[Black "Roversi, Stefano"]
[Result "1-0"]
[WhiteElo "2388"]
[BlackElo "1857"]
[PlyCount "53"]
[EventDate "2006.09.30"]

1. c4 Nf6 2. Nc3 g6 3. e4 d6 4. g3 Bg7 5. Bg2 Nc6 6. Nge2 O-O 7. O-O e5 8. d3
Nh5 9. Be3 f5 10. exf5 Bxf5 11. h3 Be6 12. Ne4 Qd7 13. Ng5 Nf6 14. Rc1 h6 15.
Nxe6 Qxe6 16. d4 Nxd4 17. Nxd4 exd4 18. Qxd4 Kh7 19. Rfe1 Qd7 20. c5 d5 21. c6
bxc6 22. Qa4 Rab8 23. Qxc6 Qxc6 24. Rxc6 Rxb2 25. Rxc7 Rxa2 26. Bd4 Re8 27.
Rxg7+ 1-0

[Event "XIV Open"]
[Site "Saint Vincent - Chatillon ITA"]
[Date "2006.09.30"]
[Round "1"]
[White "Colas, Yves"]
[Black "Sarno, Spartaco"]
[Result "0-1"]
[WhiteElo "1850"]
[BlackElo "2363"]
[PlyCount "84"]
[EventDate "2006.09.30"]

1. c4 Nf6 2. Nc3 g6 3. g3 Bg7 4. Bg2 O-O 5. e3 c6 6. Nge2 d5 7. cxd5 cxd5 8. d4
Nc6 9. O-O b6 10. a3 Na5 11. b3 Ba6 12. Bd2 Rc8 13. Re1 e6 14. Na2 Ne4 15. Bxa5
bxa5 16. Rc1 Qd6 17. a4 Qa3 18. Bxe4 dxe4 19. Nac3 f5 20. Nf4 Rfe8 21. Ra1 Qd6
22. Nb5 Qb6 23. Qe2 Rb8 24. Qa2 Bf8 25. Rec1 Bxb5 26. axb5 Bb4 27. Rc6 Qxb5 28.
Rxe6 Rec8 29. Re5 Qb7 30. Ne6 Qf7 31. Nc5 Rb6 32. Rc1 h5 33. h4 g5 34. hxg5 h4
35. Kg2 hxg3 36. fxg3 Rg6 37. Rf1 Rxg5 38. Nxe4 Rh5 39. Nc5 Qh7 40. Qb1 Rh2+
41. Kg1 Qh3 42. Qe4 Qxg3+ 0-1

[Event "XIV Open"]
[Site "Saint Vincent - Chatillon ITA"]
[Date "2006.09.30"]
[Round "1"]
[White "D'Amore, Carlo"]
[Black "Martinez, Guido"]
[Result "1-0"]
[WhiteElo "2470"]
[BlackElo "1969"]
[PlyCount "61"]
[EventDate "2006.09.30"]

1. Nf3 Nf6 2. g3 d5 3. Bg2 Nc6 4. O-O e5 5. c4 d4 6. d3 a5 7. e3 Be7 8. exd4
exd4 9. Na3 O-O 10. Nb5 Bg4 11. Bf4 Rc8 12. h3 Bh5 13. g4 Bg6 14. Ne5 Nxe5 15.
Bxe5 c6 16. Nxd4 Nd7 17. Bg3 Nc5 18. Nf5 Bxf5 19. gxf5 Bf6 20. Rb1 Re8 21. Qg4
Qd4 22. b3 Rcd8 23. Bc7 Qxg4 24. hxg4 Rxd3 25. Bxa5 Re2 26. Rfe1 Rxe1+ 27. Rxe1
h6 28. Bf1 Rd7 29. Bb6 Bd4 30. Rd1 Nxb3 31. Rd3 1-0

[Event "XIV Open"]
[Site "Saint Vincent - Chatillon ITA"]
[Date "2006.09.30"]
[Round "1"]
[White "De Santis, Alessio"]
[Black "Mazzetta, Renato"]
[Result "1/2-1/2"]
[WhiteElo "2337"]
[BlackElo "1822"]
[PlyCount "55"]
[EventDate "2006.09.30"]

1. d4 Nf6 2. c4 e5 3. dxe5 Ng4 4. e3 Nxe5 5. Nh3 Bb4+ 6. Nc3 Bxc3+ 7. bxc3 d6
8. Nf4 Nbd7 9. Be2 b6 10. Nd5 Nc5 11. f4 Ned7 12. Bf3 Bb7 13. O-O O-O 14. e4
Re8 15. Re1 Bxd5 16. cxd5 Re7 17. Qd4 Qf8 18. Bd2 Rae8 19. Re3 f5 20. Rae1 fxe4
21. Bxe4 Nxe4 22. Rxe4 Nc5 23. Rxe7 Rxe7 24. Re3 Qe8 25. g4 Re4 26. h3 Kf7 27.
Rxe4 Qxe4 28. Qxe4 1/2-1/2

[Event "XIV Open"]
[Site "Saint Vincent - Chatillon ITA"]
[Date "2006.09.30"]
[Round "1"]
[White "Fragni, Enrico"]
[Black "Piscopo, Pierluigi"]
[Result "0-1"]
[WhiteElo "1859"]
[BlackElo "2393"]
[PlyCount "52"]
[EventDate "2006.09.30"]

1. d4 c5 2. e3 Nf6 3. Nc3 cxd4 4. exd4 g6 5. Be2 Bg7 6. Bf3 O-O 7. Nge2 Nc6 8.
O-O d6 9. Ng3 Bd7 10. Re1 Rc8 11. Be3 Na5 12. Nce2 Nc4 13. Bc1 d5 14. c3 Bg4
15. Nf4 Bxf3 16. gxf3 Re8 17. Nd3 Nd7 18. Bf4 e5 19. dxe5 Ndxe5 20. Bxe5 Nxe5
21. Nxe5 Bxe5 22. Qd2 Qd6 23. Rad1 Rcd8 24. f4 Bxf4 25. Rxe8+ Rxe8 26. Qxd5
Re1+ 0-1

[Event "XIV Open"]
[Site "Saint Vincent - Chatillon ITA"]
[Date "2006.09.30"]
[Round "1"]
[White "Godena, Michele"]
[Black "Trifunovic, Dusan"]
[Result "1-0"]
[WhiteElo "2528"]
[BlackElo "1985"]
[PlyCount "63"]
[EventDate "2006.09.30"]

1. e4 e5 2. Nf3 d6 3. d4 Nf6 4. Nc3 Nbd7 5. Bc4 Be7 6. O-O O-O 7. Re1 c6 8. a4
Qc7 9. b3 Nb6 10. Be2 Bg4 11. h3 Bxf3 12. Bxf3 Rad8 13. Be3 Rfe8 14. a5 Nc8 15.
d5 cxd5 16. Nxd5 Nxd5 17. Qxd5 Qc6 18. Red1 h6 19. Qxc6 bxc6 20. Bg4 c5 21. Rd5
Kh7 22. g3 g6 23. h4 Kg7 24. Rad1 f6 25. h5 g5 26. c3 Rf8 27. b4 cxb4 28. cxb4
a6 29. Rc1 f5 30. Bxf5 Kf6 31. Rc6 Rf7 32. Bxc8 1-0

[Event "XIV Open"]
[Site "Saint Vincent - Chatillon ITA"]
[Date "2006.09.30"]
[Round "1"]
[White "Labarthe, Arnaud"]
[Black "Perrone, Samuel"]
[Result "1-0"]
[WhiteElo "2044"]
[BlackElo "1401"]
[PlyCount "33"]
[EventDate "2006.09.30"]

1. d4 d5 2. c4 Nf6 3. cxd5 Nxd5 4. Nf3 Nc6 5. e4 Nf6 6. d5 Nb4 7. Qa4+ Nc6 8.
dxc6 b6 9. Nc3 a6 10. Bg5 e6 11. Rd1 Qe7 12. e5 b5 13. Bxb5 Qb4 14. Qxb4 Bxb4
15. exf6 axb5 16. fxg7 Rg8 17. Rd8# 1-0

[Event "XIV Open"]
[Site "Saint Vincent - Chatillon ITA"]
[Date "2006.09.30"]
[Round "1"]
[White "Marguerettaz, Davy"]
[Black "Pepino, Enrico"]
[Result "1-0"]
[WhiteElo "1700"]
[BlackElo "2187"]
[PlyCount "59"]
[EventDate "2006.09.30"]

1. e4 c5 2. Nc3 g6 3. g3 Bg7 4. Bg2 Nc6 5. f4 e6 6. Nf3 Nge7 7. O-O O-O 8. d3
b6 9. h3 Bb7 10. g4 f5 11. e5 d5 12. Nb5 Ba6 13. Nd6 Nc8 14. Ng5 Qe7 15. c4
Nxd6 16. exd6 Qxd6 17. Nxe6 Qxe6 18. Bxd5 Qxd5 19. cxd5 Nd4 20. Be3 Bb7 21. a4
Bxd5 22. Bxd4 Bxd4+ 23. Kh2 Rae8 24. Qc2 fxg4 25. hxg4 Rxf4 26. Rxf4 Be5 27.
Raf1 g5 28. d4 cxd4 29. Qf5 gxf4 30. Re1 1-0

[Event "XIV Open"]
[Site "Saint Vincent - Chatillon ITA"]
[Date "2006.09.30"]
[Round "1"]
[White "Petrescu, Cristian"]
[Black "Anfuso, Luigi"]
[Result "1-0"]
[WhiteElo "2070"]
[BlackElo "1485"]
[PlyCount "41"]
[EventDate "2006.09.30"]

1. e4 c6 2. d4 d5 3. exd5 cxd5 4. Bd3 Nc6 5. c3 Nf6 6. Bf4 e6 7. Nf3 Bd6 8.
Bxd6 Qxd6 9. O-O O-O 10. Re1 Bd7 11. Ne5 Qc7 12. Nd2 h6 13. f4 Ne7 14. Ndf3 g6
15. Qd2 Kg7 16. Re2 Rh8 17. Nxd7 Qxd7 18. Ne5 Qc7 19. Qe3 Rag8 20. Nxf7 Kxf7
21. Qxe6+ 1-0

[Event "XIV Open"]
[Site "Saint Vincent - Chatillon ITA"]
[Date "2006.09.30"]
[Round "1"]
[White "Pieri, Enzo"]
[Black "Ortega, Lexy"]
[Result "0-1"]
[WhiteElo "1940"]
[BlackElo "2435"]
[PlyCount "50"]
[EventDate "2006.09.30"]

1. e4 c5 2. Nf3 e6 3. c3 Nf6 4. d3 Nc6 5. Bf4 d5 6. exd5 Nxd5 7. Bg3 Be7 8. Ne5
Nxe5 9. Bxe5 O-O 10. c4 Nb4 11. Be2 Bf6 12. Bc3 b6 13. a3 Nc6 14. Bf3 Bb7 15.
O-O Rb8 16. Bxf6 Qxf6 17. Nc3 Rfd8 18. Qa4 Ne5 19. Bxb7 Rxb7 20. Rad1 Rbd7 21.
Ne4 Qe7 22. f4 Nxd3 23. Rd2 Rd4 24. Qc2 f5 25. Ng3 Nb4 0-1

[Event "XIV Open"]
[Site "Saint Vincent - Chatillon ITA"]
[Date "2006.09.30"]
[Round "1"]
[White "Poletti, Fausto"]
[Black "Della Penna, Vincenzo"]
[Result "1/2-1/2"]
[WhiteElo "2096"]
[BlackElo "1527"]
[PlyCount "84"]
[EventDate "2006.09.30"]

1. Nf3 Nf6 2. c4 c5 3. Nc3 Nc6 4. d4 cxd4 5. Nxd4 Nxd4 6. Qxd4 g6 7. e4 d6 8.
Be3 Bg7 9. f3 O-O 10. Qd2 Re8 11. Be2 Be6 12. Rc1 a6 13. O-O Nd7 14. b3 Rc8 15.
Rfd1 Rc6 16. Nd5 Bxd5 17. cxd5 Rxc1 18. Rxc1 Qb8 19. Qc2 b5 20. Qc7 Nc5 21.
Qxb8 Rxb8 22. Kf1 Bb2 23. Rc2 Ba3 24. Bd2 Kf8 25. b4 Nb7 26. Rc6 Ra8 27. Rb6
Nd8 28. f4 Bb2 29. a4 Bd4 30. a5 Bxb6 31. axb6 Nb7 32. e5 Rc8 33. Bd3 f5 34. e6
h5 35. Ke2 Kg7 36. h4 Kg8 37. Kd1 Kg7 38. Be3 Kg8 39. Bd4 Kf8 40. Kd2 Kg8 41.
Kd1 Kf8 42. Kd2 Kg8 1/2-1/2

[Event "XIV Open"]
[Site "Saint Vincent - Chatillon ITA"]
[Date "2006.09.30"]
[Round "1"]
[White "Tiviakov, Sergei"]
[Black "Rossi, Giampiero"]
[Result "1-0"]
[WhiteElo "2668"]
[BlackElo "2011"]
[PlyCount "51"]
[EventDate "2006.09.30"]

1. e4 c5 2. c3 d5 3. exd5 Qxd5 4. d4 e6 5. Nf3 Nc6 6. Na3 Nf6 7. Be3 cxd4 8.
Nb5 Qd8 9. Nbxd4 Bd7 10. Nxc6 Bxc6 11. Qxd8+ Kxd8 12. Ne5 Be8 13. O-O-O+ Kc8
14. Be2 Nd7 15. Nc4 Nb8 16. Nd6+ Bxd6 17. Rxd6 Bc6 18. Rhd1 Bxg2 19. Rg1 Be4
20. Rxg7 Bg6 21. h4 h5 22. Bd3 Bxd3 23. Rxd3 Nc6 24. Bf4 Nd8 25. Bg5 Kc7 26.
Rf3 1-0

[Event "XIV Open"]
[Site "Saint Vincent - Chatillon ITA"]
[Date "2006.09.30"]
[Round "1"]
[White "Zaccaria, Sonia"]
[Black "Battistella, Stefano"]
[Result "0-1"]
[WhiteElo "1413"]
[BlackElo "2065"]
[PlyCount "44"]
[EventDate "2006.09.30"]

1. d4 Nf6 2. Nf3 e6 3. Bf4 b6 4. Nc3 Bb7 5. e3 Be7 6. Bd3 d5 7. Ne5 a6 8. Bg5
Nbd7 9. Bxf6 Nxf6 10. Qf3 c5 11. Qg3 O-O 12. O-O Rc8 13. h3 b5 14. a3 Qc7 15.
Be2 b4 16. Na4 cxd4 17. Rfc1 Ne4 18. Qh2 dxe3 19. fxe3 Bd6 20. Qf4 Bxe5 21. Qh4
Bg3 22. Qh5 Bh2+ 0-1

[Event "XIV Open"]
[Site "Saint Vincent - Chatillon ITA"]
[Date "2006.10.01"]
[Round "2"]
[White "Anfuso, Luigi"]
[Black "Fragni, Enrico"]
[Result "1-0"]
[WhiteElo "1485"]
[BlackElo "1859"]
[PlyCount "149"]
[EventDate "2006.09.30"]

1. d4 c6 2. c4 d6 3. Nf3 Bg4 4. e4 Nd7 5. Nc3 e5 6. d5 Be7 7. Be2 Ngf6 8. O-O
h6 9. Ne1 Bxe2 10. Qxe2 O-O 11. Nd3 a5 12. Be3 Nh7 13. Qg4 Ndf6 14. Qg3 Kh8 15.
f4 Nd7 16. fxe5 dxe5 17. Nxe5 Nxe5 18. Qxe5 Bd6 19. Qh5 Qe7 20. Kh1 Nf6 21. Qf3
Ng8 22. Bd4 Be5 23. Bxe5 Qxe5 24. Rad1 Rad8 25. Qf4 Qh5 26. Qf5 Qh4 27. Qf4 Qe7
28. e5 cxd5 29. Nxd5 Qc5 30. Qg4 b5 31. b3 bxc4 32. bxc4 Rde8 33. Rde1 Re6 34.
Rxf7 Rxf7 35. Qxe6 Qf2 36. Rg1 Rf5 37. c5 Rf8 38. c6 Qc5 39. c7 Ra8 40. Nb6
Qxc7 41. Nxa8 Qb7 42. Nb6 h5 43. h3 Kh7 44. Nd5 Qa7 45. Nf4 h4 46. Qg6+ Kh8 47.
e6 Qe3 48. Nh5 Qe5 49. Qg4 Nh6 50. Qxh4 Qxe6 51. Re1 Qd7 52. Qg5 Kh7 53. Nf4
Nf7 54. Qh4+ Kg8 55. Qe7 Qf5 56. Qe8+ Kh7 57. Qe4 Nd6 58. Qxf5+ Nxf5 59. Re5 g6
60. Rxa5 Ng3+ 61. Kg1 Ne4 62. Re5 Nc3 63. a3 Kg7 64. Re1 g5 65. Ne2 Na4 66. Kf2
Kf6 67. Ke3 Ke5 68. Kd3 Nc5+ 69. Kc4 Nb7 70. Ra1 Kd6 71. a4 Na5+ 72. Kb5 Nb3
73. Ra3 Nc5 74. a5 Nb7 75. a6 1-0